[Event "4NCL/Div1c/WGHK1 vs. GADS"]
[Site "Staverton Park ENG"]
[Date "2009.05.03"]
[Round "10.2"]
[White "Davies, Nigel R"]
[Black "Baburin, Alexander"]
[Result "1/2-1/2"]
[WhiteElo "2487"]
[BlackElo "2541"]
[PlyCount "34"]
[EventDate "2009.05.03"]
[EventType "team"]
[EventRounds "11"]
[EventCountry "ENG"]
[SourceDate "2008.10.04"]

1. Nf3 Nf6 2. g3 g6 3. Bg2 Bg7 4. c4 O-O 5. O-O c6 6. b3 Ne4 7. d4 d5 8. Bb2
Bf5 9. e3 a5 10. Nc3 Nd7 11. Qe2 Ndf6 12. Rfc1 Nxc3 13. Bxc3 Be4 14. Bh3 Bxf3
15. Qxf3 Ne4 16. cxd5 Ng5 17. Qg2 Nxh3+ 1/2-1/2

[Event "4NCL/Div1c/WGHK1 vs. GADS"]
[Site "Staverton Park ENG"]
[Date "2009.05.03"]
[Round "10.3"]
[White "Cramling, Pia"]
[Black "Jirka, Jiri"]
[Result "1-0"]
[WhiteElo "2528"]
[BlackElo "2460"]
[PlyCount "87"]
[EventDate "2009.05.03"]
[EventType "team"]
[EventRounds "11"]
[EventCountry "ENG"]
[SourceDate "2008.10.04"]

1. d4 d5 2. Nf3 Nf6 3. c4 c6 4. Nc3 a6 5. a4 e6 6. g3 dxc4 7. Bg2 c5 8. dxc5
Qxd1+ 9. Nxd1 Nc6 10. Ne3 c3 11. bxc3 Bxc5 12. Nc4 Ne4 13. Be3 Bxe3 14. fxe3
Nxc3 15. Nb6 Rb8 16. Nd4 O-O 17. Kd2 Nd5 18. Nxd5 exd5 19. Bxd5 Ne5 20. Rhc1
Rd8 21. Bg2 Be6 22. Ke1 Bd5 23. Rc5 Bxg2 24. Rxe5 Re8 25. Rxe8+ Rxe8 26. Rc1 g6
27. Kf2 Be4 28. Rc7 Re5 29. Nb3 Bc6 30. Nd4 Be4 31. Nb3 b6 32. Nd4 Ra5 33. Rc4
Bd5 34. Rb4 Kf8 35. Ke1 Ke7 36. Kd2 Kd6 37. e4 Kc5 38. exd5 Kxb4 39. Nc6+ Kc5
40. Nxa5 Kxd5 41. Nc4 b5 42. e4+ Ke6 43. axb5 axb5 44. Na3 1-0

[Event "4NCL/Div1c/WGHK1 vs. GADS"]
[Site "Staverton Park ENG"]
[Date "2009.05.03"]
[Round "10.4"]
[White "Cernousek, Lukas"]
[Black "Szabo, Krisztian"]
[Result "1-0"]
[WhiteElo "2439"]
[BlackElo "2518"]
[PlyCount "130"]
[EventDate "2009.05.03"]
[EventType "team"]
[EventRounds "11"]
[EventCountry "ENG"]
[SourceDate "2008.10.04"]

1. e4 c5 2. Nf3 e6 3. d4 cxd4 4. Nxd4 Nc6 5. Nc3 Qc7 6. Be3 a6 7. Qd2 Nf6 8.
O-O-O Bb4 9. f3 Ne5 10. Nb3 b5 11. Qe1 Be7 12. f4 Ng6 13. e5 Ng4 14. Ne4 Nxe3
15. Qxe3 O-O 16. g3 Bb7 17. h4 f5 18. exf6 Bxf6 19. Rh2 Ne7 20. Qc5 Qd8 21. Nd6
Bc6 22. Bg2 Rb8 23. Bxc6 Nxc6 24. Rhd2 Be7 25. Qh5 Qb6 26. Ne4 Rb7 27. Qe2 Qa7
28. Ng5 Bxg5 29. hxg5 Nb4 30. Qe4 Nd5 31. Rh1 Qe3 32. Qxh7+ Kf7 33. g6+ Kf6 34.
Qh5 Ke7 35. Qg5+ Kd6 36. Kb1 Kc7 37. Rd3 Qe4 38. Rhd1 Qf5 39. Qxf5 Rxf5 40. Nc5
Rb6 41. Ne4 Rc6 42. c3 Rh5 43. Ng5 Rc4 44. a3 a5 45. Kc2 Rh2+ 46. R1d2 Rxd2+
47. Rxd2 b4 48. axb4 axb4 49. Rd4 Rc6 50. c4 Ne7 51. Kb3 Rb6 52. c5 Rb5 53. Ne4
Nc6 54. Rd1 Ne7 55. Rd4 Nc6 56. Rd1 Ne7 57. Rh1 Nxg6 58. Rh7 Ne7 59. Rxg7 Nd5
60. Kc4 Ra5 61. Rg8 b3 62. Nd6 Kc6 63. Rc8+ Nc7 64. Ne8 Rxc5+ 65. Kxb3 Kd5 1-0

[Event "4NCL/Div1c/WGHK1 vs. GADS"]
[Site "Staverton Park ENG"]
[Date "2009.05.03"]
[Round "10.5"]
[White "Berczes, David"]
[Black "Richardson, John R"]
[Result "1-0"]
[WhiteElo "2513"]
[BlackElo "2308"]
[PlyCount "73"]
[EventDate "2009.05.03"]
[EventType "team"]
[EventRounds "11"]
[EventCountry "ENG"]
[SourceDate "2008.10.04"]

1. Nf3 d5 2. g3 Nf6 3. Bg2 c5 4. O-O Nc6 5. d4 e6 6. c4 dxc4 7. dxc5 Qxd1 8.
Rxd1 Bxc5 9. Nbd2 c3 10. bxc3 O-O 11. Nb3 Be7 12. Nfd4 Rd8 13. Bg5 Bd7 14. Bxf6
gxf6 15. Nxc6 Bxc6 16. Bxc6 bxc6 17. Na5 Rac8 18. e4 Kf8 19. Rab1 Bc5 20. Kg2
Rxd1 21. Rxd1 Rb8 22. Nb3 Bb6 23. Rd6 Rc8 24. c4 Ke7 25. Rd3 e5 26. c5 Bc7 27.
Nd2 Ba5 28. Nc4 Bb4 29. Nd6 Rd8 30. Rb3 a5 31. a3 Bd2 32. Kf3 Rd7 33. Rb8 Rc7
34. Re8+ Kd7 35. Rf8 Ke6 36. Nf5 Bc1 37. Rd8 1-0

[Event "4NCL/Div1c/WGHK1 vs. GADS"]
[Site "Staverton Park ENG"]
[Date "2009.05.03"]
[Round "10.6"]
[White "Snape, Ian"]
[Black "Lalic, Bogdan"]
[Result "1/2-1/2"]
[WhiteElo "2200"]
[BlackElo "2508"]
[PlyCount "32"]
[EventDate "2009.05.03"]
[EventType "team"]
[EventRounds "11"]
[EventCountry "ENG"]
[SourceDate "2008.10.04"]

1. e4 c5 2. Nf3 Nc6 3. d4 cxd4 4. Nxd4 Nf6 5. Nc3 d6 6. Bg5 e6 7. Qd2 a6 8.
O-O-O Bd7 9. f3 b5 10. Kb1 Rc8 11. Nxc6 Bxc6 12. Bd3 Be7 13. h4 h6 14. Bf4 e5
15. Be3 Qa5 16. Nd5 Qxd2 1/2-1/2

[Event "4NCL/Div1c/WGHK1 vs. GADS"]
[Site "Staverton Park ENG"]
[Date "2009.05.03"]
[Round "10.7"]
[White "Arakhamia-Grant, Ketevan"]
[Black "Anderton, David"]
[Result "1-0"]
[WhiteElo "2492"]
[BlackElo "2225"]
[PlyCount "89"]
[EventDate "2009.05.03"]
[EventType "team"]
[EventRounds "11"]
[EventCountry "ENG"]
[SourceDate "2008.10.04"]

1. e4 e6 2. d4 d5 3. Nc3 Nf6 4. Bg5 Bb4 5. e5 h6 6. Bd2 Bxc3 7. bxc3 Ne4 8. Qg4
g6 9. Bd3 Nxd2 10. Kxd2 c5 11. Nf3 c4 12. Be2 Nd7 13. h4 Qe7 14. Qf4 b6 15. Nh2
Bb7 16. Ng4 O-O-O 17. a4 Rdf8 18. Nf6 Nxf6 19. exf6 Qc7 20. Qe3 Re8 21. f4 Qd8
22. Qe5 Qc7 23. h5 Reg8 24. hxg6 Rxg6 25. g4 Qxe5 26. dxe5 d4 27. Rh4 Rd8 28.
Bxc4 dxc3+ 29. Kxc3 Bf3 30. Rg1 h5 31. Rxh5 Rxg4 32. Rxg4 Bxg4 33. Rg5 Bh3 34.
Rg7 Rf8 35. Be2 Kd8 36. Bh5 Ke8 37. Kb4 Bf5 38. c4 a6 39. c5 bxc5+ 40. Kxc5 Bd3
41. a5 Be4 42. Kd6 Bd3 43. Rg3 Rh8 44. Rxd3 Rxh5 45. Rb3 1-0

[Event "4NCL/Div1c/WGHK1 vs. GADS"]
[Site "Staverton Park ENG"]
[Date "2009.05.03"]
[Round "10.8"]
[White "Bellin, Jana"]
[Black "Hanley, Craig A"]
[Result "0-1"]
[WhiteElo "2191"]
[BlackElo "2430"]
[PlyCount "62"]
[EventDate "2009.05.03"]
[EventType "team"]
[EventRounds "11"]
[EventCountry "ENG"]
[SourceDate "2008.10.04"]

1. d4 g6 2. c4 Bg7 3. Nc3 d6 4. e4 Nd7 5. Nf3 e6 6. Bg5 Ne7 7. Be2 h6 8. Be3 b6
9. d5 e5 10. Nd2 f5 11. f3 O-O 12. b4 c5 13. a3 Nf6 14. O-O f4 15. Bf2 g5 16.
bxc5 bxc5 17. Qa4 Bd7 18. Qa6 Bc8 19. Qa4 a6 20. Rab1 Ng6 21. Qc6 Ra7 22. Qb6
Rc7 23. Nb3 g4 24. Na5 g3 25. hxg3 fxg3 26. Bxg3 Nh5 27. Bh2 Ngf4 28. Rf2 Rff7
29. Qb8 Bf8 30. Rb6 Qh4 31. Rc6 Rg7 0-1

[Event "4NCL/Div1c/WRO1 vs. GUI1"]
[Site "Staverton Park ENG"]
[Date "2009.05.03"]
[Round "10.1"]
[White "Wells, Peter K"]
[Black "Kurnosov, Igor"]
[Result "1/2-1/2"]
[WhiteElo "2489"]
[BlackElo "2658"]
[PlyCount "47"]
[EventDate "2009.05.03"]
[EventType "team"]
[EventRounds "11"]
[EventCountry "ENG"]
[SourceDate "2008.10.04"]

1. d4 Nf6 2. c4 g6 3. Nc3 d5 4. cxd5 Nxd5 5. e4 Nxc3 6. bxc3 Bg7 7. Bc4 c5 8.
Ne2 Nc6 9. Be3 O-O 10. O-O Bg4 11. f3 Bd7 12. Rb1 Rc8 13. Bd3 Qc7 14. Kh1 a6
15. Bf4 e5 16. Bg3 b5 17. d5 Na5 18. Qd2 f5 19. c4 fxe4 20. fxe4 bxc4 21. Bc2
Nb7 22. Ng1 Rxf1 23. Rxf1 Nd6 24. Nf3 1/2-1/2

[Event "4NCL/Div1c/WRO1 vs. GUI1"]
[Site "Staverton Park ENG"]
[Date "2009.05.03"]
[Round "10.2"]
[White "Howell, David W L"]
[Black "McNab, Colin"]
[Result "1-0"]
[WhiteElo "2613"]
[BlackElo "2472"]
[PlyCount "97"]
[EventDate "2009.05.03"]
[EventType "team"]
[EventRounds "11"]
[EventCountry "ENG"]
[SourceDate "2008.10.04"]

1. d4 d6 2. e4 g6 3. Nc3 c6 4. Be3 Nf6 5. h3 Nbd7 6. g4 b5 7. Bg2 Nb6 8. Nge2
Bb7 9. a4 Nc4 10. Bc1 b4 11. Nb1 c5 12. O-O Bxe4 13. Bxe4 Nxe4 14. a5 d5 15. b3
Nxa5 16. dxc5 Bg7 17. Rxa5 Qxa5 18. Qxd5 Rc8 19. Qxe4 Qxc5 20. c4 bxc3 21. Ba3
Qe5 22. Qa4+ Kf8 23. Nbxc3 h5 24. Qd7 Qc7 25. Bxe7+ Kg8 26. Qxc7 Rxc7 27. Nd5
Rc2 28. Ng3 hxg4 29. hxg4 Be5 30. Kg2 f5 31. gxf5 Bxg3 32. Kxg3 gxf5 33. Ne3
Rc7 34. Bf6 Rh6 35. Be5 Rb7 36. Kf4 Rxb3 37. Nxf5 Rb4+ 38. Kg5 Re6 39. f4 Ra6
40. Rh1 Ra2 41. Rh8+ Kf7 42. Nd4 Rd2 43. Rh7+ Ke8 44. Ne6 Rd7 45. Nc7+ Kd8 46.
Rh8+ Ke7 47. f5 Rd1 48. Rh7+ Kd8 49. Ne6+ 1-0

[Event "4NCL/Div1c/WRO1 vs. GUI1"]
[Site "Staverton Park ENG"]
[Date "2009.05.03"]
[Round "10.3"]
[White "Palliser, Richard"]
[Black "McShane, Luke"]
[Result "0-1"]
[WhiteElo "2414"]
[BlackElo "2596"]
[PlyCount "40"]
[EventDate "2009.05.03"]
[EventType "team"]
[EventRounds "11"]
[EventCountry "ENG"]
[SourceDate "2008.10.04"]

1. d4 Nf6 2. c4 g6 3. Nc3 Bg7 4. e4 d6 5. f4 O-O 6. Nf3 Na6 7. Bd3 e5 8. fxe5
dxe5 9. d5 Ne8 10. O-O c5 11. dxc6 bxc6 12. Be3 Nec7 13. a3 Ne6 14. b4 Nd4 15.
Ne2 Nxf3+ 16. Rxf3 Nc7 17. h3 Ne6 18. Ra2 f5 19. Bc2 Qxd1+ 20. Bxd1 f4 0-1

[Event "4NCL/Div1c/WRO1 vs. GUI1"]
[Site "Staverton Park ENG"]
[Date "2009.05.03"]
[Round "10.4"]
[White "Pert, Nicholas"]
[Black "Gourlay, Iain"]
[Result "1-0"]
[WhiteElo "2537"]
[BlackElo "2364"]
[PlyCount "48"]
[EventDate "2009.05.03"]
[EventType "team"]
[EventRounds "11"]
[EventCountry "ENG"]
[SourceDate "2008.10.04"]

1. d4 Nf6 2. Nf3 g6 3. c4 Bg7 4. g3 O-O 5. Bg2 d6 6. O-O Nbd7 7. Nc3 e5 8. e4
a6 9. h3 b5 10. Qc2 c6 11. c5 exd4 12. Nxd4 Nxc5 13. Nxc6 Qc7 14. e5 Bf5 15.
Qxf5 gxf5 16. exf6 Rae8 17. fxg7 Kxg7 18. Nd4 Qc8 19. Bf4 Rd8 20. Nd5 Qd7 21.
Rad1 Kg6 22. h4 Ne6 23. h5+ Kg7 24. Nxf5+ Kh8 1-0

[Event "4NCL/Div1c/WRO1 vs. GUI1"]
[Site "Staverton Park ENG"]
[Date "2009.05.03"]
[Round "10.5"]
[White "Corke, Anya"]
[Black "Conquest, Stuart C"]
[Result "1/2-1/2"]
[WhiteElo "2237"]
[BlackElo "2549"]
[PlyCount "88"]
[EventDate "2009.05.03"]
[EventType "team"]
[EventRounds "11"]
[EventCountry "ENG"]
[SourceDate "2008.10.04"]

1. d4 g6 2. c4 Bg7 3. Nc3 d6 4. Nf3 Nf6 5. e4 O-O 6. h3 Na6 7. Bg5 c6 8. Be2 e5
9. d5 h6 10. Be3 Nh5 11. Qd2 Nf4 12. Bxf4 exf4 13. Qxf4 Qb6 14. Qd2 Nc5 15. O-O
Re8 16. Qc2 Bd7 17. Nd2 a5 18. Bf3 a4 19. Rad1 h5 20. Ndb1 Be5 21. Kh1 Qd8 22.
g3 Bxh3 23. Bg2 Bg4 24. f4 Bxd1 25. Rxd1 Bxc3 26. Nxc3 Qf6 27. Qf2 a3 28. e5
Rxe5 29. b4 Rf5 30. Qd2 Na4 31. Nxa4 Rxa4 32. dxc6 bxc6 33. Bxc6 Ra7 34. Qxd6
Re7 35. Qxf6 Rxf6 36. b5 Re2 37. c5 Rxa2 38. Bd5 Rb2 39. b6 a2 40. Bxa2 Rxa2
41. b7 Rb2 42. Rd8+ Kg7 43. b8=Q Rxb8 44. Rxb8 h4 1/2-1/2

[Event "4NCL/Div1c/WRO1 vs. GUI1"]
[Site "Staverton Park ENG"]
[Date "2009.05.03"]
[Round "10.6"]
[White "Hebden, Mark L"]
[Black "Barrett, Steve J"]
[Result "1-0"]
[WhiteElo "2510"]
[BlackElo "2200"]
[PlyCount "176"]
[EventDate "2009.05.03"]
[EventType "team"]
[EventRounds "11"]
[EventCountry "ENG"]
[SourceDate "2008.10.04"]

1. d4 Nf6 2. Nf3 g6 3. Nc3 d5 4. Bf4 Bg7 5. Qd2 Ne4 6. Nxe4 dxe4 7. Ne5 Be6 8.
e3 Nd7 9. Nxd7 Qxd7 10. c4 O-O 11. Be2 Bg4 12. Bxg4 Qxg4 13. O-O e5 14. dxe5
Rfe8 15. Qa5 b6 16. Qb5 Qe6 17. Rad1 Bxe5 18. Bxe5 Qxe5 19. Rd7 Qxb5 20. cxb5
Red8 21. Rfd1 Rxd7 22. Rxd7 a6 23. bxa6 Rxa6 24. a3 b5 25. Rxc7 b4 26. g4 bxa3
27. bxa3 Rxa3 28. Kg2 Ra5 29. Re7 h5 30. h3 hxg4 31. hxg4 Ra4 32. Kg3 Kf8 33.
Rd7 Ra6 34. Rd5 f6 35. Rd4 Kf7 36. Rxe4 g5 37. Rd4 Ra7 38. Rd5 Rb7 39. Kf3 Re7
40. Ke2 Ra7 41. Kd3 Ra2 42. f3 Ra3+ 43. Ke4 Ke6 44. Rc5 Ra4+ 45. Kd3 Ra6 46.
Kd4 Rd6+ 47. Ke4 Ra6 48. f4 Ra4+ 49. Kf3 gxf4 50. exf4 Ra3+ 51. Kf2 Rb3 52. Kg2
Ra3 53. Rh5 Ra2+ 54. Kg3 Ra3+ 55. Kh4 Ra1 56. Rb5 Rh1+ 57. Kg3 Rg1+ 58. Kh3
Rh1+ 59. Kg2 Ra1 60. Rb6+ Kf7 61. Kg3 Rg1+ 62. Kf3 Ra1 63. f5 Rf1+ 64. Kg2 Ra1
65. Rb7+ Kf8 66. Rh7 Ra3 67. Rh3 Ra4 68. Kg3 Kg7 69. Rh1 Rb4 70. Ra1 Rb7 71.
Kh4 Rc7 72. Kh5 Rb7 73. Ra6 Rc7 74. Rd6 Ra7 75. Rd4 Rb7 76. Kh4 Ra7 77. Kg3 Rb7
78. Kf4 Re7 79. Rd6 Kf7 80. g5 fxg5+ 81. Kxg5 Ra7 82. Rh6 Kg7 83. f6+ Kg8 84.
Kg6 Rb7 85. Rh5 Ra7 86. Rb5 Ra8 87. Rb7 Ra7 88. Rb5 Rg7+ 1-0

[Event "4NCL/Div1c/WRO1 vs. GUI1"]
[Site "Staverton Park ENG"]
[Date "2009.05.03"]
[Round "10.7"]
[White "Gayson, Peter M"]
[Black "King, Daniel J"]
[Result "0-1"]
[WhiteElo "2256"]
[BlackElo "2512"]
[PlyCount "106"]
[EventDate "2009.05.03"]
[EventType "team"]
[EventRounds "11"]
[EventCountry "ENG"]
[SourceDate "2008.10.04"]

1. e4 c5 2. Nf3 d6 3. d4 cxd4 4. Nxd4 Nf6 5. Nc3 a6 6. f4 g6 7. Nf3 Bg7 8. a4
Nc6 9. Bd3 Qb6 10. Qe2 O-O 11. Qe3 Qxe3+ 12. Bxe3 e5 13. fxe5 Ng4 14. Bd2 Ngxe5
15. Nxe5 Nxe5 16. O-O Be6 17. Bg5 Rfc8 18. Bf6 Bxf6 19. Rxf6 Rc6 20. Ne2 Rb6
21. Nd4 Re8 22. Rb1 Kg7 23. Nxe6+ fxe6 24. Rf2 Rb4 25. Rd2 Rxa4 26. Be2 Rxe4
27. Bf3 Nxf3+ 28. gxf3 Rf4 29. Rxd6 Rxf3 30. Re1 Rf6 31. Re5 Re7 32. c4 Kf7 33.
c5 Rf5 34. Rxf5+ gxf5 35. b4 Kf6 36. Kf2 Ke5 37. Ke3 Rc7 38. Rd8 a5 39. bxa5
Rxc5 40. Rd7 Rxa5 41. Rxb7 h5 42. Rh7 f4+ 43. Kf3 Ra3+ 44. Kg2 Ke4 45. Rxh5 e5
46. Rh8 Ra2+ 47. Kh3 Kf3 48. Rb8 e4 49. Rb3+ e3 50. Rc3 Kf2 51. Kg4 f3 52. h4
Ra4+ 53. Kg5 e2 0-1

[Event "4NCL/Div1c/WRO1 vs. GUI1"]
[Site "Staverton Park ENG"]
[Date "2009.05.03"]
[Round "10.8"]
[White "Lalic, Susan"]
[Black "Adams, David M"]
[Result "0-1"]
[WhiteElo "2342"]
[BlackElo "2198"]
[PlyCount "104"]
[EventDate "2009.05.03"]
[EventType "team"]
[EventRounds "11"]
[EventCountry "ENG"]
[SourceDate "2008.10.04"]

1. e4 e5 2. Nf3 Nf6 3. Nc3 Nc6 4. d4 Bb4 5. Nxe5 Qe7 6. Qd3 Nxd4 7. Qxd4 Bc5 8.
Qd3 Qxe5 9. f4 Qe7 10. Be2 d6 11. Bd2 O-O 12. O-O-O Rb8 13. Rde1 b5 14. Bf3 b4
15. Nd5 Nxd5 16. exd5 Qf6 17. Kb1 Bd7 18. g4 Bb5 19. g5 Qd8 20. Qb3 a5 21. Be4
Qd7 22. Qg3 f5 23. gxf6 Rxf6 24. f5 Bd4 25. Bg5 Rf7 26. h4 Bf6 27. Bf3 Be5 28.
Qg2 Qxf5 29. Bg4 Qf2 30. Qe4 Kh8 31. Be6 Rf3 32. Be3 Qg3 33. Rhg1 Rxe3 34. Qxe3
Qxe3 35. Rxe3 Bd4 36. Rge1 Bxe3 37. Rxe3 Rf8 38. a3 g6 39. axb4 axb4 40. h5 Kg7
41. hxg6 hxg6 42. Ka2 Rf4 43. Kb3 Kf6 44. Bh3 Bc4+ 45. Kxb4 Bxd5+ 46. Kc3 g5
47. Kd2 g4 48. Bxg4 Rxg4 49. b3 Be4 50. Kc3 c5 51. Kb2 Ke5 52. Re2 Rg2 0-1

[Event "4NCL/Div1c/BAR1 vs. WGHK2"]
[Site "Staverton Park ENG"]
[Date "2009.05.03"]
[Round "10.1"]
[White "Turner, Matthew J"]
[Black "Greet, Andrew N"]
[Result "1/2-1/2"]
[WhiteElo "2511"]
[BlackElo "2431"]
[PlyCount "112"]
[EventDate "2009.05.03"]
[EventType "team"]
[EventRounds "11"]
[EventCountry "ENG"]
[SourceDate "2008.10.04"]

1. e4 e5 2. Nf3 Nc6 3. d4 exd4 4. Nxd4 g6 5. Nxc6 bxc6 6. Nc3 Bg7 7. Be2 Nf6 8.
e5 Nd5 9. Nxd5 cxd5 10. Qxd5 Rb8 11. Qc5 Qe7 12. Qxa7 Rxb2 13. Bxb2 Qb4+ 14.
Kf1 Qxb2 15. Re1 Bxe5 16. Qc5 Bc3 17. Rd1 Kd8 18. g4 d6 19. Bf3 h5 20. h3 hxg4
21. hxg4 Rxh1+ 22. Bxh1 Qxc2 23. Qg5+ f6 24. Qd5 Ba6+ 25. Kg1 Bb7 26. Qd3 Qxd3
27. Rxd3 Bxh1 28. Kxh1 Be5 29. Kg2 c5 30. Kf3 Kc7 31. Ke4 c4 32. Rd1 Kc6 33. f4
Bb2 34. a4 f5+ 35. gxf5 gxf5+ 36. Ke3 d5 37. a5 Kc5 38. a6 d4+ 39. Kd2 Kb6 40.
Rb1 Kxa6 41. Kc2 Bc3 42. Rb8 Ba5 43. Rf8 d3+ 44. Kd1 Bb4 45. Rf6+ Ka7 46. Rf7+
Kb6 47. Rf6+ Kc7 48. Rf7+ Kc6 49. Rf6+ Kd5 50. Rxf5+ Kd4 51. Rf6 Kd5 52. Rf5+
Ke4 53. Rf6 c3 54. Rc6 c2+ 55. Rxc2 dxc2+ 56. Kxc2 Kxf4 1/2-1/2

[Event "4NCL/Div1c/BAR1 vs. WGHK2"]
[Site "Staverton Park ENG"]
[Date "2009.05.03"]
[Round "10.2"]
[White "Martin, Andrew D"]
[Black "Ferguson, Mark"]
[Result "1/2-1/2"]
[WhiteElo "2422"]
[BlackElo "2408"]
[PlyCount "31"]
[EventDate "2009.05.03"]
[EventType "team"]
[EventRounds "11"]
[EventCountry "ENG"]
[SourceDate "2008.10.04"]

1. d4 d5 2. Nf3 Nf6 3. c4 c6 4. Nc3 dxc4 5. a4 Bf5 6. e3 e6 7. Bxc4 Bb4 8. O-O
O-O 9. Qe2 Bg6 10. Ne5 Nbd7 11. Nxg6 hxg6 12. Rd1 Qa5 13. Bd2 e5 14. Be1 Rad8
15. Qc2 exd4 16. Rxd4 1/2-1/2

[Event "4NCL/Div1c/BAR1 vs. WGHK2"]
[Site "Staverton Park ENG"]
[Date "2009.05.03"]
[Round "10.3"]
[White "D'Costa, Lorin A R"]
[Black "Houska, Jovanka"]
[Result "1/2-1/2"]
[WhiteElo "2485"]
[BlackElo "2402"]
[PlyCount "156"]
[EventDate "2009.05.03"]
[EventType "team"]
[EventRounds "11"]
[EventCountry "ENG"]
[SourceDate "2008.10.04"]

1. d4 Nf6 2. c4 c6 3. Nf3 d5 4. e3 a6 5. Bd3 b5 6. b3 Bg4 7. Nbd2 e6 8. Qc2
Bxf3 9. gxf3 Nbd7 10. Bb2 Be7 11. f4 g6 12. Nf3 Qa5+ 13. Ke2 Ba3 14. Bxa3 Qxa3
15. Ne5 dxc4 16. bxc4 O-O 17. Qb3 Qd6 18. c5 Qc7 19. h4 Nh5 20. Be4 Nxe5 21.
fxe5 a5 22. Rag1 a4 23. Qb1 f5 24. Bf3 Kh8 25. Rg5 f4 26. Qe4 fxe3 27. fxe3
Rac8 28. Rhg1 Qf7 29. a3 Rc7 30. Qg4 Qe8 31. Be4 Qf7 32. Qg2 Rcc8 33. Bxg6 hxg6
34. Rxg6 Qh7 35. Qg4 Rg8 36. Qxe6 Ng7 37. Qf6 Rcf8 38. Qxc6 Qh5+ 39. Kd3 Nf5
40. Rxg8+ Rxg8 41. Rxg8+ Kxg8 42. Qxb5 Qd1+ 43. Ke4 Qc2+ 44. Kf4 Qf2+ 45. Kg5
Ng7 46. Qb8+ Kh7 47. Qb1+ Kg8 48. Qe4 Qe2 49. Qa8+ Kh7 50. Qe4+ Kg8 51. e6 Qh5+
52. Kf6 Qe8 53. Qd5 Kh7 54. Qe4+ Kh6 55. Qf4+ Kh7 56. Qe4+ Kh6 57. d5 Qf8+ 58.
Ke5 Qxc5 59. Qf4+ Kg6 60. Qxa4 Qc7+ 61. Ke4 Qd8 62. Qc2 Qxh4+ 63. Ke5+ Kh6 64.
Qe4 Qg5+ 65. Kd4 Qe7 66. Qd3 Kg5 67. Qc3 Nf5+ 68. Kd3 Qd6 69. e4 Qa6+ 70. Kd2
Nd6 71. Qe3+ Kg6 72. Qd3 Qb6 73. e5+ Nf5 74. Kc2 Qf2+ 75. Kb3 Qb6+ 76. Ka2 Qf2+
77. Kb3 Qb6+ 78. Ka2 Qf2+ 1/2-1/2

[Event "4NCL/Div1c/BAR1 vs. WGHK2"]
[Site "Staverton Park ENG"]
[Date "2009.05.03"]
[Round "10.4"]
[White "McDonald, Neil"]
[Black "Knott, Simon"]
[Result "1/2-1/2"]
[WhiteElo "2405"]
[BlackElo "2350"]
[PlyCount "90"]
[EventDate "2009.05.03"]
[EventType "team"]
[EventRounds "11"]
[EventCountry "ENG"]
[SourceDate "2008.10.04"]

1. e4 e6 2. d4 d5 3. Nc3 Bb4 4. exd5 exd5 5. Bd3 Nc6 6. a3 Bxc3+ 7. bxc3 Nf6 8.
Ne2 Na5 9. O-O O-O 10. Ng3 Re8 11. h3 Nc4 12. Qf3 h6 13. Bf4 c6 14. Rfe1 Be6
15. a4 a6 16. Be5 Nxe5 17. dxe5 Nd7 18. Rab1 b5 19. axb5 axb5 20. Rb4 Ra4 21.
Qf4 Nc5 22. h4 Qd7 23. Kh2 Nxd3 24. cxd3 c5 25. Rxa4 bxa4 26. Nh5 Kh7 27. Re3
Bf5 28. Rg3 Bg6 29. Nxg7 Kxg7 30. h5 Re6 31. hxg6 fxg6 32. c4 d4 33. Qg4 Kh7
34. f4 Qf7 35. Rf3 Qf5 36. Qh4 g5 37. Qh5 a3 38. g4 Qf8 39. f5 a2 40. Rf1 Rxe5
41. Qg6+ Kh8 42. Kg3 Re2 43. Kf3 Rb2 44. Re1 Qa8+ 45. Re4 a1=Q 1/2-1/2

[Event "4NCL/Div1c/BAR1 vs. WGHK2"]
[Site "Staverton Park ENG"]
[Date "2009.05.03"]
[Round "10.6"]
[White "Broomfield, Matthew"]
[Black "Devereaux, Maxim"]
[Result "1/2-1/2"]
[WhiteElo "2341"]
[BlackElo "2388"]
[PlyCount "76"]
[EventDate "2009.05.03"]
[EventType "team"]
[EventRounds "11"]
[EventCountry "ENG"]
[SourceDate "2008.10.04"]

1. d4 Nf6 2. Nf3 e6 3. Bg5 c5 4. c3 h6 5. Bxf6 Qxf6 6. e4 cxd4 7. cxd4 Bb4+ 8.
Nc3 O-O 9. Bd3 d6 10. O-O Nc6 11. Ne2 e5 12. d5 Ne7 13. Qa4 Bc5 14. b4 Bb6 15.
Nd2 Bg4 16. Nc4 Bxe2 17. Bxe2 Bd4 18. Rac1 Ng6 19. g3 Qd8 20. Rc2 f5 21. exf5
Ne7 22. Na5 Nxf5 23. Bg4 Qg5 24. Bxf5 Qxf5 25. Nxb7 Rf6 26. Na5 Qh3 27. Nb3 Bb6
28. Nc5 Rf5 29. Qd7 Rd8 30. Qe6+ Kh7 31. Nd7 Qh5 32. Nxb6 axb6 33. Rc7 Rdf8 34.
Qxd6 R5f6 35. Qd7 R8f7 36. Qd8 Rf8 37. Qd7 R8f7 38. Qd8 Rf8 1/2-1/2

[Event "4NCL/Div1c/BAR1 vs. WGHK2"]
[Site "Staverton Park ENG"]
[Date "2009.05.03"]
[Round "10.7"]
[White "Collinson, Adam"]
[Black "Sowray, Peter J"]
[Result "1-0"]
[WhiteElo "2392"]
[BlackElo "2311"]
[PlyCount "65"]
[EventDate "2009.05.03"]
[EventType "team"]
[EventRounds "11"]
[EventCountry "ENG"]
[SourceDate "2008.10.04"]

1. e4 g6 2. d4 Bg7 3. Nf3 d6 4. Nc3 a6 5. a4 Nd7 6. h3 b6 7. g3 Bb7 8. Bg2 Ngf6
9. Qe2 O-O 10. O-O e5 11. dxe5 dxe5 12. b3 Qe7 13. Ba3 Nc5 14. a5 Rfd8 15. Rfd1
Bf8 16. Na4 Nfxe4 17. Nd2 Rxd2 18. Rxd2 Nxd2 19. Bxb7 Rd8 20. Nxc5 bxc5 21. Rd1
c6 22. Bxa6 Qa7 23. Kg2 Rd4 24. Rxd2 Rxd2 25. Qxd2 Qxa6 26. Qd8 Kg7 27. Bb2 f6
28. Qd7+ Kg8 29. Bc3 h5 30. Qd3 c4 31. Qxg6+ Bg7 32. Qe8+ Bf8 33. Bb4 1-0

[Event "4NCL/Div1c/BAR1 vs. WGHK2"]
[Site "Staverton Park ENG"]
[Date "2009.05.03"]
[Round "10.8"]
[White "Briscoe, Christopher"]
[Black "Lauterbach, Ingrid"]
[Result "1-0"]
[WhiteElo "2267"]
[BlackElo "2158"]
[PlyCount "59"]
[EventDate "2009.05.03"]
[EventType "team"]
[EventRounds "11"]
[EventCountry "ENG"]
[SourceDate "2008.10.04"]

1. b4 e5 2. Bb2 d6 3. c4 f5 4. e3 Nf6 5. Nc3 c6 6. d4 Be7 7. d5 O-O 8. Nf3 Na6
9. a3 Nc7 10. Qb3 cxd5 11. cxd5 Kh8 12. Bc4 Bd7 13. a4 b6 14. O-O h6 15. Rfd1
Qe8 16. b5 g5 17. Nxe5 dxe5 18. d6 Bxd6 19. Rxd6 Qe7 20. Rad1 Rfd8 21. f4 gxf4
22. exf4 Nce8 23. fxe5 Nxd6 24. Nd5 Nxc4 25. Nxe7 Nxb2 26. Qf7 Rg8 27. exf6 Be6
28. Ng6+ Rxg6 29. Qxg6 Nxd1 30. Qg7# 1-0

[Event "4NCL/Div1c/GUI2 vs. PAP"]
[Site "Staverton Park ENG"]
[Date "2009.05.03"]
[Round "10.1"]
[White "Cherniaev, Alexander"]
[Black "Adams, Michael J"]
[Result "0-1"]
[WhiteElo "2423"]
[BlackElo "2703"]
[PlyCount "74"]
[EventDate "2009.05.03"]
[EventType "team"]
[EventRounds "11"]
[EventCountry "ENG"]
[SourceDate "2008.10.04"]

1. e4 e5 2. Nf3 Nc6 3. Bc4 Bc5 4. c3 Nf6 5. d3 d6 6. Bb3 h6 7. O-O O-O 8. h3 a5
9. a4 Be6 10. Be3 Bxe3 11. fxe3 d5 12. exd5 Bxd5 13. d4 exd4 14. exd4 Qd6 15.
Nbd2 Rae8 16. Re1 b6 17. Rxe8 Rxe8 18. Qf1 Bxb3 19. Nxb3 Ne7 20. Ne5 Nc6 21.
Nf3 Ne4 22. Re1 Re6 23. Nfd2 Nxd2 24. Rxe6 Qxe6 25. Nxd2 Ne7 26. Nc4 Ng6 27. b3
Qe4 28. Qd1 Nf4 29. Qd2 h5 30. Kh2 h4 31. Ne5 f6 32. Nf3 g5 33. Ng1 Kf8 34. b4
Ke7 35. bxa5 bxa5 36. c4 Kd7 37. Nf3 Qe2 0-1

[Event "4NCL/Div1c/GUI2 vs. PAP"]
[Site "Staverton Park ENG"]
[Date "2009.05.03"]
[Round "10.2"]
[White "Ward, Chris G"]
[Black "Pert, Richard G"]
[Result "1/2-1/2"]
[WhiteElo "2422"]
[BlackElo "2459"]
[PlyCount "32"]
[EventDate "2009.05.03"]
[EventType "team"]
[EventRounds "11"]
[EventCountry "ENG"]
[SourceDate "2008.10.04"]

1. d4 d5 2. c4 e5 3. dxe5 d4 4. Nf3 Nc6 5. a3 Be6 6. Nbd2 Nge7 7. g3 Qd7 8. b4
Ng6 9. Ng5 Ngxe5 10. Nxe6 Qxe6 11. Bg2 Nd3+ 12. Kf1 Nxc1 13. Rxc1 Be7 14. h4
Rd8 15. c5 O-O 16. Qb3 Qh6 1/2-1/2